[Event "South Region-ch U14 Girls"]
[Site "Neiva"]
[Date "2012.05.20"]
[Round "5.3"]
[White "Valencia Lopez, Daily Vanessa"]
[Black "Lopez, Cristina"]
[Result "0-1"]
[WhiteElo "1399"]
[BlackElo "1458"]
[PlyCount "26"]
[EventDate "2012.04.28"]
[EventType "tourn"]
[EventRounds "7"]
[EventCountry "COL"]
[SourceTitle "EXT 2024"]
[Source "ChessBase"]
[SourceDate "2023.10.10"]
[SourceVersion "1"]
[SourceVersionDate "2023.10.10"]
[SourceQuality "1"]

1. e4 e5 2. Nf3 Nc6 3. Bb5 d6 4. d4 Bd7 5. Nc3 Nf6 6. Be3 a6 7. Bxc6 Bxc6 8. d5 Bd7 9. h3 c6 10. dxc6 Bxc6 11. Qd3 g6 12. Nd5 Bxd5 13. exd5 e4 0-1